[Event "Internet Section 06A g/8'+2\""]
[Site "Dos Hermanas"]
[Date "2004.03.06"]
[Round "2"]
[White "Faria, William Eduardo"]
[Black "Lehner, Oliver"]
[Result "0-1"]
[WhiteElo "1455"]
[BlackElo "2394"]
[PlyCount "76"]
[EventDate "2004.03.06"]
[EventType "swiss (blitz)"]
[EventRounds "9"]
[EventCountry "ESP"]
[SourceTitle "CBM 099 Extra"]
[Source "ChessBase"]
[SourceDate "2004.05.04"]
[SourceVersion "1"]
[SourceVersionDate "2004.05.04"]
[SourceQuality "1"]

1. Nf3 c5 2. c4 Nc6 3. g3 g6 4. Bg2 Bg7 5. Qc2 Nh6 6. 0-0 Nf5 7. e3 d6 8. Nc3 e5 9. Nd5 Nfe7 10. Nxe7 Qxe7 11. Rb1 Bf5 12. d3 Nb4 13. Qa4+ Qd7 14. Qxd7+ Kxd7 15. Bd2 Bxd3 16. Bxb4 cxb4 17. Rbd1 Bxf1 18. Bxf1 b6 19. Nd2 f5 20. Nb3 Rac8 21. f4 e4 22. Rd2 a5 23. Nd4 Bxd4 24. Rxd4 Rc5 25. Kg2 h5 26. h4 Rhc8 27. Kf2 a4 28. Ke1 Ke6 29. Kd2 d5 30. b3 axb3 31. axb3 b5 32. Kc2 bxc4 33. bxc4 Rxc4+ 34. Bxc4 Rxc4+ 35. Kb3 Rxd4 36. exd4 e3 37. Kc2 b3+ 38. Kxb3 e2 0-1

[Event "Internet Section 06A g/8'+2\""]
[Site "Dos Hermanas"]
[Date "2004.03.06"]
[Round "3"]
[White "Tailleux, Remi"]
[Black "Faria, William Eduardo"]
[Result "1-0"]
[WhiteElo "1872"]
[BlackElo "1455"]
[PlyCount "77"]
[EventDate "2004.03.06"]
[EventType "swiss (blitz)"]
[EventRounds "9"]
[EventCountry "ESP"]
[SourceTitle "CBM 099 Extra"]
[Source "ChessBase"]
[SourceDate "2004.05.04"]
[SourceVersion "1"]
[SourceVersionDate "2004.05.04"]
[SourceQuality "1"]

1. d4 g6 2. e4 Bg7 3. Nc3 e5 4. d5 Ne7 5. Bg5 0-0 6. d6 cxd6 7. Qxd6 Nbc6 8. Bc4 Qe8 9. Nf3 h6 10. Bf6 a6 11. 0-0-0 b5 12. Bb3 Bb7 13. Nd5 Nc8 14. Qc7 Na5 15. Qxa5 Bxd5 16. Bxd5 Ne7 17. Bxe7 Qxe7 18. Bxa8 Rxa8 19. Qc7 Rd8 20. Rd5 Bf6 21. Rhd1 d6 22. Qxe7 Bxe7 23. Nxe5 Bg5+ 24. Kb1 Re8 25. Nf3 Bf4 26. g3 Be5 27. Nxe5 dxe5 28. Rd8 Kf8 29. Rxe8+ Kxe8 30. Rd6 Ke7 31. Rxa6 h5 32. Rb6 f6 33. Rxb5 Ke6 34. a4 f5 35. a5 fxe4 36. a6 Kd6 37. a7 Kc6 38. c4 e3 39. a8Q+ 1-0